A novel multiband microstrip antenna for wireless applications (Record no. 13428)
[ view plain ]
| 000 -LEADER | |
|---|---|
| fixed length control field | 00478nam a22001337a 4500 |
| 082 ## - DEWEY DECIMAL CLASSIFICATION NUMBER | |
| Classification number | MSEE-5 AHM |
| 100 ## - MAIN ENTRY--PERSONAL NAME | |
| Personal name | Aqsa Ahmad |
| 9 (RLIN) | 98892 |
| 245 ## - TITLE STATEMENT | |
| Title | A novel multiband microstrip antenna for wireless applications |
| 260 ## - PUBLICATION, DISTRIBUTION, ETC. | |
| Place of publication, distribution, etc. | Islamabad |
| Name of publisher, distributor, etc. | NUST-SEECS |
| Date of publication, distribution, etc. | 2015 |
| 300 ## - PHYSICAL DESCRIPTION | |
| Extent | 51p. |
| Other physical details | ill.; |
| Accompanying material | CD ROM |
| 500 ## - GENERAL NOTE | |
| General note | Supervisors: Farooq Ahmad Tahir, Dr. Hammad M. Cheema, Dr. Salman A. Ghafoor, Mr. Ahsan Azhar |
| 856 ## - ELECTRONIC LOCATION AND ACCESS | |
| Uniform Resource Identifier | <a href="http://10.250.8.41:8080/xmlui/handle/123456789/8363">http://10.250.8.41:8080/xmlui/handle/123456789/8363</a> |
| 942 ## - ADDED ENTRY ELEMENTS (KOHA) | |
| Koha item type | Project Report |
| Source of classification or shelving scheme | |
| Withdrawn status | Lost status | Damaged status | Not for loan | Collection code | Permanent Location | Current Location | Shelving location | Date acquired | Total Checkouts | Full call number | Barcode | Date last seen | Price effective from | Koha item type | Source of classification or shelving scheme |
|---|---|---|---|---|---|---|---|---|---|---|---|---|---|---|---|
| Central Library (CL) | Central Library (CL) | Reference | 12/15/2015 | MSEE-5 AHM | SEECSP01802 | 12/15/2015 | 12/15/2015 | Project Report | |||||||
| Central Library (CL) | Central Library (CL) | Thesis | 11/08/2019 | 621.3MSEE-5 AHM | CL-T-4004 | 11/08/2019 | 11/08/2019 | Thesis |
